000 00556nam a2200217Ia 4500
003 OSt
005 20220928140234.0
006 a|||||r|||| 00| 0
007 ta
008 220927b |||||||| |||| 00| 0 eng d
024 _a7884
037 _cTextual
040 _aSDCL
_cSDCL
_beng
041 _2eng
_aeng
082 _aX:75.2'N7, M0
100 _aHazari Bharat R
245 0 _aStructure of the Indian economy
_b An analysis
260 _c1980
942 _hX:75.2'N7, M0
_cTEXL
_2CC
999 _c810898
_d810898